[Event "25th European Teams"]
[Site "Batumi GEO"]
[Date "2025.10.09"]
[Round "5.5"]
[Board "1"]
[White "Rapport, Richard"]
[Black "Fedoseev, Vladimir3"]
[Result "1-0"]
[WhiteTitle "GM"]
[BlackTitle "GM"]
[WhiteElo "2724"]
[BlackElo "2720"]
[WhiteTeam "Hungary"]
[BlackTeam "Slovenia"]
[WhiteFideId "738590"]
[BlackFideId "24130737"]
[EventDate "2025.10.05"]

1. Nf3 d5 2. g3 c6 3. Bg2 Bf5 4. O-O Nd7 5. d3 e5 6. Qe1 Be7 7. Nbd2 Ngf6 8. e4
dxe4 9. dxe4 Be6 10. Ng5 Bg4 11. h3 Bh5 12. Nc4 O-O 13. Nf3 Qc7 14. Nh4 Rfe8 15.
a4 Nc5 16. b3 b5 17. Nb2 a6 18. Be3 Bf8 19. Kh1 Nfd7 20. Ra2 f6 21. Qc3 a5 22.
Raa1 Ne6 23. axb5 cxb5 24. Qxc7 Nxc7 25. g4 Bf7 26. Rfd1 Be6 27. Bd2 b4 28. Bf1
Bc5 29. Nd3 Bd4 30. Ra2 Nb5 31. Nxb4 axb4 32. Rxa8 Rxa8 33. Bxb5 Nc5 34. Nf3
Nxe4 35. Nxd4 exd4 36. Kg1 Nc3 37. Bxc3 dxc3 38. Rd4 Rb8 39. Bd3 g6 40. f4 Kf8
41. f5 gxf5 42. gxf5 Bf7 43. Kf2 Ke7 44. Ke3 h5 45. Be2 Rb7 46. Bf3 Rb6 47. Be4
Be8 48. Kf4 Kf8 49. Kg3 Kg7 50. Rd8 Bf7 51. Kf4 Rb5 52. Ke3 h4 53. Rd7 Kf8 54.
Rd4 Ke7 55. Bd3 Rb8 56. Rxh4 Kd6 57. Kd4 Rd8 58. Be4 Re8 59. Rh6 Bxb3 60. Rxf6+
Kd7 61. Bd3 Rd8 62. Kc5 Ke7 63. Rc6 Bd5 64. Rc7+ Kf6 65. Kxb4 Rh8 66. Kxc3 Rxh3
67. Kd4 Bg2 68. Be4 Bxe4 69. Kxe4 Rh4+ 70. Kd5 Rh5 71. c4 Rxf5+ 72. Kd6 Rf1 73.
Rd7 Rd1+ 74. Kc6 Rc1 75. c5 Ke6 76. Rd2 Ke7 77. Kb6 1-0

[Event "25th European Teams"]
[Site "Batumi GEO"]
[Date "2025.10.09"]
[Round "5.5"]
[Board "2"]
[White "Demchenko, Anton"]
[Black "Leko, Peter"]
[Result "1/2-1/2"]
[WhiteTitle "GM"]
[BlackTitle "GM"]
[WhiteElo "2628"]
[BlackElo "2666"]
[WhiteTeam "Slovenia"]
[BlackTeam "Hungary"]
[WhiteFideId "4160258"]
[BlackFideId "703303"]
[EventDate "2025.10.05"]

1. e4 e5 2. Nf3 Nc6 3. Bc4 Bc5 4. d3 Nf6 5. O-O d6 6. c3 a5 7. h3 O-O 8. Re1 Be6
9. Bxe6 fxe6 10. Be3 Bxe3 11. Rxe3 d5 12. Nbd2 d4 13. cxd4 exd4 14. Re1 Nd7 15.
Rc1 a4 16. e5 Qe7 17. a3 Ra5 18. b4 axb3 19. Qxb3 Ra7 20. a4 Kh8 21. Ne4 h6 22.
Rxc6 bxc6 23. Nxd4 Nxe5 24. Nxe6 Re8 25. N4c5 Nd7 26. Re3 Nxc5 27. Nxc5 Qd8 28.
Ne6 Qd7 29. Nc5 Qd8 30. Ne6 Qd7 31. Nc5 1/2-1/2

[Event "25th European Teams"]
[Site "Batumi GEO"]
[Date "2025.10.09"]
[Round "5.5"]
[Board "3"]
[White "Banusz, Tamas"]
[Black "Subelj, Jan"]
[Result "1-0"]
[WhiteTitle "GM"]
[BlackTitle "GM"]
[WhiteElo "2588"]
[BlackElo "2545"]
[WhiteTeam "Hungary"]
[BlackTeam "Slovenia"]
[WhiteFideId "722413"]
[BlackFideId "14618583"]
[EventDate "2025.10.05"]

1. c4 e6 2. Nf3 d5 3. e3 b6 4. b3 Bb7 5. Bb2 Nf6 6. cxd5 exd5 7. g3 g6 8. Bg2
Bg7 9. O-O O-O 10. Nc3 Nbd7 11. Rc1 a6 12. Re1 Re8 13. Ne2 Rc8 14. b4 Qe7 15.
Qb3 c5 16. bxc5 Nxc5 17. Qxb6 Nfd7 18. Qb4 Nd3 19. Qxe7 Rxe7 20. Rxc8+ Bxc8 21.
Ba3 Re6 22. Rd1 Rb6 23. Ne1 N7e5 24. Nxd3 Nxd3 25. Bxd5 Rb5 26. Bc4 Ra5 27. Bxd3
Rxa3 28. Bc4 Bg4 29. Kf1 Ra4 30. Rc1 Ra5 31. Bb3 Rh5 32. h4 Rf5 33. Rc7 Bf8 34.
e4 Rf3 35. Bc4 Bd6 36. Rc6 Bb4 37. Nd4 1-0

[Event "25th European Teams"]
[Site "Batumi GEO"]
[Date "2025.10.09"]
[Round "5.5"]
[Board "4"]
[White "Lavrencic, Matic"]
[Black "Gledura, Benjamin"]
[Result "1/2-1/2"]
[WhiteTitle "IM"]
[BlackTitle "GM"]
[WhiteElo "2479"]
[BlackElo "2643"]
[WhiteTeam "Slovenia"]
[BlackTeam "Hungary"]
[WhiteFideId "14637847"]
[BlackFideId "712779"]
[EventDate "2025.10.05"]

1. e4 e5 2. Nf3 Nc6 3. Bb5 a6 4. Ba4 Nf6 5. O-O Be7 6. Re1 b5 7. Bb3 O-O 8. a4
Rb8 9. axb5 axb5 10. h3 d6 11. c3 b4 12. d3 Bd7 13. Be3 Ra8 14. Nbd2 h6 15. Qc2
Qb8 16. d4 Qb7 17. d5 Na5 18. Ba4 c5 19. Bxd7 Qxd7 20. cxb4 cxb4 21. Rec1 Rfb8
22. Qc7 Qxc7 23. Rxc7 Bd8 24. Rcc1 Nd7 25. Ne1 Bg5 26. Bxg5 hxg5 27. Nd3 Nb7 28.
Nxb4 Rxa1 29. Rxa1 Nbc5 30. Nc6 Rxb2 31. Nc4 Re2 32. Nxd6 Nxe4 33. Ra8+ Kh7 34.
Nxf7 Re1+ 35. Kh2 Nxf2 36. Nxg5+ Kg6 37. h4 Kf5 38. Kg3 Nh1+ 39. Kf3 Rf1+ 40.
Ke3 Ng3 41. Nf3 Kf6 42. Re8 Nf5+ 43. Kd2 Rf2+ 44. Ke1 Rxg2 45. Re6+ Kf7 46.
Ncxe5+ Nxe5 47. Nxe5+ Kf8 48. d6 Nd4 49. Nd7+ Kf7 50. Re7+ Kg6 51. Nf8+ Kf6 52.
Nd7+ Kf5 53. Kf1 Rg6 54. Re5+ Kf4 55. Rd5 Nf5 1/2-1/2

[Event "25th European Teams"]
[Site "Batumi GEO"]
[Date "2025.10.09"]
[Round "5.6"]
[Board "1"]
[White "Kadric, Denis"]
[Black "Sargsyan, Shant"]
[Result "0-1"]
[WhiteTitle "GM"]
[BlackTitle "GM"]
[WhiteElo "2533"]
[BlackElo "2667"]
[WhiteTeam "Montenegro"]
[BlackTeam "Armenia"]
[WhiteFideId "14403803"]
[BlackFideId "13306766"]
[EventDate "2025.10.05"]

1. e4 e5 2. Nf3 Nc6 3. Bc4 Nf6 4. d3 Be7 5. Nc3 d6 6. a4 O-O 7. O-O h6 8. h3 Be6
9. b3 a6 10. Bd2 Qd7 11. Re1 Rfe8 12. a5 Bf8 13. Ra4 Rad8 14. Bxe6 fxe6 15. d4
Qf7 16. dxe5 dxe5 17. Qe2 Qh5 18. Na2 g5 19. Be3 g4 20. Nh2 gxh3 21. Qxh5 Nxh5
22. Ng4 hxg2 23. Kxg2 Kf7 24. Rh1 Nf6 25. Nxf6 Kxf6 26. Bxh6 Bc5 27. Rh3 Rg8+
28. Rg3 Rxg3+ 29. fxg3 Kg6 30. Rc4 Ba7 31. Bc1 Rd1 32. Bb2 Nxa5 33. Rxc7 Bb6 34.
Rc8 Rd2+ 35. Kh3 Nc6 36. Nc1 Bd4 37. Nd3 Rxd3 38. cxd3 Bxb2 39. Rc7 Nb4 40. Rxb7
Nxd3 41. Rb6 a5 42. Kg4 Kf6 43. Kh5 Bc3 44. Rc6 Bb4 45. g4 Nf4+ 46. Kh6 Bf8+ 47.
Kh7 Nh3 48. Rc3 Ng5+ 49. Kg8 Bb4 50. Re3 Kg6 51. Re2 Nf7 0-1

[Event "25th European Teams"]
[Site "Batumi GEO"]
[Date "2025.10.09"]
[Round "5.6"]
[Board "2"]
[White "Hovhannisyan, Robert"]
[Black "Petrov, Nikita"]
[Result "1-0"]
[WhiteTitle "GM"]
[BlackTitle "GM"]
[WhiteElo "2633"]
[BlackElo "2576"]
[WhiteTeam "Armenia"]
[BlackTeam "Montenegro"]
[WhiteFideId "13302507"]
[BlackFideId "4101286"]
[EventDate "2025.10.05"]

1. e4 e5 2. Nf3 Nc6 3. Nc3 Nf6 4. Bb5 Nd4 5. Nxd4 exd4 6. e5 dxc3 7. exf6 Qxf6
8. dxc3 Be7 9. O-O O-O 10. Bd3 h6 11. Qh5 Rd8 12. a4 a5 13. Be3 d5 14. Rfe1 Be6
15. g3 c5 16. h4 Bd6 17. Rad1 Rac8 18. Bf1 Bb8 19. Bg2 b6 20. Bxd5 g6 21. Qf3
Qxf3 22. Bxf3 Kg7 23. Bb7 Rxd1 24. Rxd1 Rc7 25. Bd5 Rd7 26. c4 Be5 27. c3 Bf5
28. Re1 Bc7 29. Re2 Bd3 30. Rd2 Bf5 31. Re2 Bd3 32. Rd2 Bf5 33. b4 axb4 34. cxb4
cxb4 35. Rb2 Be6 36. Bxe6 fxe6 37. Rxb4 Rd6 38. c5 bxc5 39. Rb7 1-0

[Event "25th European Teams"]
[Site "Batumi GEO"]
[Date "2025.10.09"]
[Round "5.6"]
[Board "3"]
[White "Draskovic, Luka"]
[Black "Martirosyan, Haik M."]
[Result "0-1"]
[WhiteTitle "GM"]
[BlackTitle "GM"]
[WhiteElo "2486"]
[BlackElo "2626"]
[WhiteTeam "Montenegro"]
[BlackTeam "Armenia"]
[WhiteFideId "944335"]
[BlackFideId "13306553"]
[EventDate "2025.10.05"]

1. e4 c5 2. Nf3 Nc6 3. Bb5 e6 4. Bxc6 bxc6 5. d3 Qc7 6. O-O Ne7 7. e5 Ng6 8. Re1
f6 9. Qe2 Be7 10. Nbd2 O-O 11. Nc4 Ba6 12. g3 Bxc4 13. dxc4 Rf7 14. exf6 Rxf6
15. Be3 Raf8 16. Nd2 Rf5 17. f4 e5 18. fxe5 Qxe5 19. c3 Qe6 20. Qg2 Re5 21. Bf2
Re2 22. Rxe2 Qxe2 23. Be1 Qe3+ 24. Kh1 Ne5 25. Rd1 Ng4 26. Nf1 Qe6 27. Kg1 Bg5
28. Bd2 Rf2 29. Qxf2 Nxf2 30. Kxf2 Qf5+ 31. Ke2 Qc2 0-1

[Event "25th European Teams"]
[Site "Batumi GEO"]
[Date "2025.10.09"]
[Round "5.6"]
[Board "4"]
[White "Sargissian, Gabriel"]
[Black "Kosic, Dragan"]
[Result "1/2-1/2"]
[WhiteTitle "GM"]
[BlackTitle "GM"]
[WhiteElo "2624"]
[BlackElo "2351"]
[WhiteTeam "Armenia"]
[BlackTeam "Montenegro"]
[WhiteFideId "13300881"]
[BlackFideId "900290"]
[EventDate "2025.10.05"]

1. d4 Nf6 2. c4 e6 3. Nf3 Bb4+ 4. Bd2 Qe7 5. g3 Bxd2+ 6. Qxd2 O-O 7. Bg2 d6 8.
Nc3 e5 9. O-O Bg4 10. Nh4 exd4 11. Qxd4 Nc6 12. Qd2 Ne5 13. b3 c6 14. h3 Bc8 15.
Rad1 Rd8 16. e4 Ng6 17. Nxg6 hxg6 18. f4 Ne8 19. Rf3 Be6 20. Rd3 Rd7 21. Qf2 f6
22. h4 Nc7 23. f5 Bf7 24. Qf4 gxf5 25. Rxd6 Rxd6 26. Qxd6 Qxd6 27. Rxd6 fxe4 28.
Nxe4 Be8 29. Rd2 Kf8 30. Kf2 b6 31. c5 Ne6 32. b4 bxc5 33. Bh3 Nc7 34. bxc5 Rb8
35. Nd6 Bg6 36. Nc8 Nd5 37. Nxa7 Be8 38. Nc8 Rb5 39. Nd6 Rxc5 40. Re2 Nc7 41.
Nxe8 Nxe8 42. Be6 Nc7 43. Bb3 Nb5 44. Rc2 Rf5+ 45. Ke3 c5 46. Rf2 Re5+ 47. Kd2
Nd4 48. Bc4 Ke7 49. a4 Kd6 50. a5 Nc6 51. a6 Kc7 52. Re2 Kb6 53. Rxe5 Nxe5 54.
Kc3 Ka7 55. Bb5 Kb6 56. Kb3 Ka7 57. h5 Kb6 58. Ka4 Nf7 59. Kb3 Nd6 60. Bd3 Ka7
61. g4 Kb6 62. Kc3 Ka7 1/2-1/2

[Event "25th European Teams"]
[Site "Batumi GEO"]
[Date "2025.10.09"]
[Round "5.7"]
[Board "1"]
[White "Deac, Bogdan-Daniel"]
[Black "Nguyen, Thai Dai Van"]
[Result "1/2-1/2"]
[WhiteTitle "GM"]
[BlackTitle "GM"]
[WhiteElo "2655"]
[BlackElo "2664"]
[WhiteTeam "Romania"]
[BlackTeam "Czech Republic"]
[WhiteFideId "1226380"]
[BlackFideId "358878"]
[EventDate "2025.10.05"]

1. e4 c5 2. Nf3 Nc6 3. Bb5 e6 4. O-O Nge7 5. Re1 a6 6. Bf1 d5 7. exd5 Nxd5 8. d4
Nf6 9. Be3 Be7 10. c4 cxd4 11. Nxd4 Nxd4 12. Bxd4 Bd7 13. Nc3 Bc6 14. Qd3 O-O
15. Rad1 Qc7 16. Qe3 Rfe8 17. a3 Nd7 18. b4 b6 19. Qg3 Qxg3 20. hxg3 Rec8 21.
Re2 Bf6 22. Red2 Kf8 23. g4 h6 24. f3 Ke7 25. Kf2 Bxd4+ 26. Rxd4 Nf6 27. Be2 Rd8
28. Ke3 Rxd4 29. Rxd4 g5 30. Rd2 h5 31. gxh5 Nxh5 32. Kf2 Nf6 1/2-1/2

[Event "25th European Teams"]
[Site "Batumi GEO"]
[Date "2025.10.09"]
[Round "5.7"]
[Board "2"]
[White "Navara, David"]
[Black "Nisipeanu, Liviu-Dieter"]
[Result "1/2-1/2"]
[WhiteTitle "GM"]
[BlackTitle "GM"]
[WhiteElo "2656"]
[BlackElo "2577"]
[WhiteTeam "Czech Republic"]
[BlackTeam "Romania"]
[WhiteFideId "309095"]
[BlackFideId "1202758"]
[EventDate "2025.10.05"]

1. d4 Nf6 2. c4 e6 3. Nc3 Bb4 4. e3 c5 5. Ne2 d5 6. a3 Ba5 7. dxc5 dxc4 8. Bd2
Nbd7 9. Ng3 Nxc5 10. Bxc4 Bc7 11. O-O O-O 12. Qe2 Bd7 13. e4 b5 14. Nxb5 Bxb5
15. Bxb5 Nb3 16. Bb4 Nxa1 17. Rxa1 Be5 18. Bxf8 Kxf8 19. Rc1 Qd4 20. b4 Rd8 21.
Nf1 Qb2 22. Qxb2 Bxb2 23. Rb1 Bxa3 24. Rb3 Rb8 25. Rxa3 Rxb5 26. f3 Rxb4 27.
Rxa7 Rb1 28. Ra2 Nd7 29. Kf2 Ne5 30. Ne3 g6 1/2-1/2

[Event "25th European Teams"]
[Site "Batumi GEO"]
[Date "2025.10.09"]
[Round "5.7"]
[Board "3"]
[White "Lupulescu, Constantin"]
[Black "Finek, Vaclav"]
[Result "1-0"]
[WhiteTitle "GM"]
[BlackTitle "IM"]
[WhiteElo "2577"]
[BlackElo "2518"]
[WhiteTeam "Romania"]
[BlackTeam "Czech Republic"]
[WhiteFideId "1207822"]
[BlackFideId "23718293"]
[EventDate "2025.10.05"]

1. d4 d5 2. c4 c6 3. Nc3 Nf6 4. e3 e6 5. Nf3 Nbd7 6. Be2 Bd6 7. b3 O-O 8. Bb2 b6
9. O-O Bb7 10. Qc2 Qe7 11. Rfe1 Rfe8 12. Rad1 Rad8 13. h3 c5 14. cxd5 exd5 15.
Ba1 a6 16. Qb2 Qe6 17. Bd3 h6 18. e4 dxe4 19. d5 Qe7 20. Nxe4 Qf8 21. Qd2 Bb8
22. Nxf6+ Nxf6 23. Bxf6 gxf6 24. Rxe8 Rxe8 25. Bb1 Rd8 26. Qc2 Qg7 27. Qe4 Kf8
28. Nh4 Qg5 29. Nf5 Re8 30. Qf3 Qf4 31. Qxf4 Bxf4 32. g3 Be5 33. Be4 Bc8 34.
Nxh6 Bxh3 35. Bf5 Kg7 36. Bxh3 Kxh6 37. d6 Rd8 38. d7 Kg6 39. Rd5 Kg7 40. Kg2
Kf8 41. f4 Bc7 42. Kf3 Ke7 43. Rd3 b5 44. Ke4 Rh8 45. Bf5 c4 46. bxc4 bxc4 47.
Rc3 Kd6 48. Rxc4 Rg8 49. Kf3 Rb8 50. Rd4+ Kc6 51. Be4+ Kc5 52. Rd5+ Kb6 53. Rd3
Rd8 54. Kg4 Rh8 55. Rc3 f5+ 56. Bxf5 Rh2 57. a4 a5 58. Rb3+ Kc6 59. Rb8 Rd2 60.
Rf8 Rd4 61. Kf3 Bb6 62. Rxf7 Bd8 63. Bc2 Rc4 64. Bd1 Rd4 65. Ke2 Kd6 66. Bc2 Rc4
67. Kd2 Be7 68. Bf5 Bd8 69. Rf8 Kc7 70. Be6 Rxa4 71. Kc2 Re4 72. Re8 Re3 73. g4
Re4 74. g5 Rxf4 75. g6 Rf2+ 76. Kb3 Rg2 77. Bf5 Rg5 78. Rf8 Rg3+ 79. Ka4 Ra3+
80. Kb5 Rg3 81. Kxa5 Rg5 82. Ka4 Rg3 83. Rf7 Kd6 84. g7 Be7 85. Bh7 Rg4+ 86. Kb3
Kxd7 87. g8=Q Rxg8 88. Bxg8 Ke6 89. Kc4 1-0

[Event "25th European Teams"]
[Site "Batumi GEO"]
[Date "2025.10.09"]
[Round "5.7"]
[Board "4"]
[White "Vykouk, Jan"]
[Black "Magold, Filip"]
[Result "1/2-1/2"]
[WhiteTitle "IM"]
[BlackTitle "IM"]
[WhiteElo "2516"]
[BlackElo "2459"]
[WhiteTeam "Czech Republic"]
[BlackTeam "Romania"]
[WhiteFideId "349658"]
[BlackFideId "1254456"]
[EventDate "2025.10.05"]

1. e4 c5 2. Nf3 Nc6 3. d4 cxd4 4. Nxd4 e5 5. Nb5 d6 6. N1c3 a6 7. Na3 Be6 8. Nc4
b5 9. Ne3 Nf6 10. Bd3 g6 11. Ncd5 Bg7 12. Nxf6+ Bxf6 13. a4 b4 14. Bc4 Bxc4 15.
Nxc4 Nd4 16. Be3 d5 17. Nxe5 Nf5 18. exf5 Bxe5 19. Bd4 Bxd4 20. Qxd4 O-O 21. O-O
Rc8 22. Qxb4 Rxc2 23. Rad1 Qf6 24. Rxd5 Rxb2 25. Qc4 Kg7 26. Qd3 Re8 27. h3 Ree2
28. Qg3 Rbd2 29. Rxd2 Rxd2 30. Re1 Rd4 31. fxg6 hxg6 32. Qa3 Qf4 33. Qc3 Kh7 34.
g3 Qd6 35. Qf3 Kg7 36. Qc3 Kh7 37. Qf3 Kg7 38. a5 Qd5 39. Qe3 Kh7 40. Qe7 Qf3
41. Qe2 Qxe2 42. Rxe2 Rd5 43. Ra2 g5 44. Kg2 Kg6 45. Kf3 Re5 46. Ra4 f6 47. Ra3
Re1 48. Kg4 Re4+ 49. f4 Rb4 50. h4 gxf4 51. gxf4 Rb5 52. Kf3 1/2-1/2

[Event "25th European Teams"]
[Site "Batumi GEO"]
[Date "2025.10.09"]
[Round "5.8"]
[Board "1"]
[White "Keymer, Vincent"]
[Black "Naiditsch, Arkadij"]
[Result "1/2-1/2"]
[WhiteTitle "GM"]
[BlackTitle "GM"]
[WhiteElo "2755"]
[BlackElo "2587"]
[WhiteTeam "Germany"]
[BlackTeam "Bulgaria"]
[WhiteFideId "12940690"]
[BlackFideId "4650891"]
[EventDate "2025.10.05"]

1. c4 e5 2. d3 f5 3. Nf3 Bb4+ 4. Nbd2 Qe7 5. a3 Bxd2+ 6. Qxd2 b6 7. g3 Bb7 8.
Bg2 Nf6 9. O-O O-O 10. Qg5 Bxf3 11. Bxf3 e4 12. Bg2 Nc6 13. Be3 Qe6 14. Bh3 g6
15. Rad1 Rae8 16. Bg2 d6 17. h3 Qe5 18. Rd2 a5 19. Qh4 a4 20. Rfd1 Rf7 21. Kh2
Na5 22. Rc2 Nb3 23. Rc3 Qe6 24. Bg5 Nc5 25. Kg1 Rff8 26. Bh6 Rf7 27. Bg5 Rff8
28. Bf1 Rf7 29. d4 Ncd7 30. e3 h5 31. Be2 Nh7 32. c5 bxc5 33. dxc5 d5 34. c6
Ndf6 35. Bxf6 Nxf6 36. Qf4 Kg7 37. Rd2 Qe7 38. Bd1 Ra8 39. Rd4 Rb8 40. Rd2 Ra8
41. Rd4 Rb8 42. Rd2 Ra8 1/2-1/2

[Event "25th European Teams"]
[Site "Batumi GEO"]
[Date "2025.10.09"]
[Round "5.8"]
[Board "2"]
[White "Petrov, Martin"]
[Black "Svane, Rasmus"]
[Result "1/2-1/2"]
[WhiteTitle "GM"]
[BlackTitle "GM"]
[WhiteElo "2540"]
[BlackElo "2614"]
[WhiteTeam "Bulgaria"]
[BlackTeam "Germany"]
[WhiteFideId "2911086"]
[BlackFideId "4657101"]
[EventDate "2025.10.05"]

1. e4 e5 2. Nf3 Nc6 3. Bc4 Nf6 4. d3 Bc5 5. O-O d6 6. c3 a5 7. Bg5 h6 8. Bh4 Ba7
9. Nbd2 g5 10. Bg3 O-O 11. a4 Kh8 12. Kh1 Qe7 13. d4 exd4 14. cxd4 Nxd4 15. Nxd4
Bxd4 16. f4 Ng4 17. e5 dxe5 18. f5 Nf6 19. Nf3 Rd8 20. Qe2 e4 21. Rad1 c5 22.
Ne5 Rf8 23. Nf3 Rd8 24. Ne5 Rf8 25. Nf3 Rd8 1/2-1/2

[Event "25th European Teams"]
[Site "Batumi GEO"]
[Date "2025.10.09"]
[Round "5.8"]
[Board "3"]
[White "Kollars, Dmitrij"]
[Black "Dimitrov, Radoslav"]
[Result "0-1"]
[WhiteTitle "GM"]
[BlackTitle "GM"]
[WhiteElo "2642"]
[BlackElo "2496"]
[WhiteTeam "Germany"]
[BlackTeam "Bulgaria"]
[WhiteFideId "12909572"]
[BlackFideId "2908549"]
[EventDate "2025.10.05"]

1. e4 c5 2. Nf3 g6 3. d4 cxd4 4. Nxd4 Nf6 5. Nc3 Nc6 6. Nxc6 dxc6 7. Qxd8+ Kxd8
8. Bc4 Ke8 9. e5 Ng4 10. f4 h5 11. h3 Nh6 12. g3 Bf5 13. Bb3 e6 14. Ke2 Be7 15.
Be3 Rg8 16. Kf3 g5 17. Ne4 g4+ 18. hxg4 hxg4+ 19. Kf2 Bxe4 20. Rxh6 Kd7 21. Re1
Rh8 22. Rxh8 Rxh8 23. Bxa7 Bxc2 24. Kg2 Bxb3 25. axb3 Ra8 26. Bd4 c5 27. Bc3 b5
28. Rd1+ Kc6 29. Rc1 Ra2 30. Rc2 Ra1 31. Bd2 Rd1 32. Kf2 Kd5 33. Ke2 Rh1 34. Be3
Rh2+ 35. Bf2 c4 36. bxc4+ bxc4 37. Kd1 Bb4 38. Re2 Kc6 39. Rc2 Kb5 40. Ke2 Bc5
41. Kf1 Bxf2 42. Rxf2 Rh1+ 43. Ke2 Kc5 44. f5 Rg1 45. fxe6 fxe6 46. Ke3 Rxg3+
47. Ke4 Rd3 48. Rf8 g3 49. Rg8 Rd2 50. Rxg3 Rxb2 51. Rg8 Re2+ 52. Kf4 c3 53.
Rc8+ Kb4 54. Rc6 c2 55. Kf3 Rh2 56. Ke3 Kb3 57. Kd3 Kb2 58. Rb6+ Kc1 59. Rxe6
Rh3+ 60. Ke4 Kb2 61. Rb6+ Rb3 62. Rc6 Rc3 63. Rb6+ Ka3 64. Ra6+ Kb4 65. Ra1 c1=Q
66. Rxc1 Rxc1 67. Kd5 Kb5 68. Ke4 0-1

[Event "25th European Teams"]
[Site "Batumi GEO"]
[Date "2025.10.09"]
[Round "5.8"]
[Board "4"]
[White "Georgiev, Kiril"]
[Black "Svane, Frederik"]
[Result "0-1"]
[WhiteTitle "GM"]
[BlackTitle "GM"]
[WhiteElo "2526"]
[BlackElo "2638"]
[WhiteTeam "Bulgaria"]
[BlackTeam "Germany"]
[WhiteFideId "2900017"]
[BlackFideId "12923044"]
[EventDate "2025.10.05"]

1. d4 Nf6 2. Nf3 d5 3. c4 e6 4. Nc3 Bb4 5. cxd5 exd5 6. Qa4+ Nc6 7. Bg5 h6 8.
Bxf6 Qxf6 9. e3 O-O 10. Be2 Be6 11. a3 Bxc3+ 12. bxc3 Ne7 13. O-O Nc8 14. Ne5
Nd6 15. Bg4 Bxg4 16. Nxg4 Qf5 17. Ne5 f6 18. Nf3 a5 19. Rfc1 b5 20. Qd1 c6 21.
Ne1 Nc4 22. Nd3 a4 23. Qc2 Qd7 24. Nb2 Nd6 25. Nd3 Nc4 26. Nb2 Nd6 27. Nd3 Rae8
28. Re1 Re7 29. Re2 Rfe8 30. Rae1 Nc4 31. Nc5 Qg4 32. Qc1 Qg6 33. Ra2 h5 34. h3
Qf5 35. Qb1 Qxb1 36. Rxb1 h4 37. Nd3 f5 38. Kh2 Kf7 39. g3 hxg3+ 40. Kxg3 g5 41.
Kg2 Kf6 42. Rh1 Rh8 43. Nb2 Nd6 44. Nd3 Nc4 45. Nb2 Na5 46. Nd3 Reh7 47. Raa1
Nc4 48. Nb4 Rc8 49. Nd3 Rh4 50. Nb4 Rh7 51. Nd3 Rh6 52. Nb4 Ke7 53. Nc2 Kf7 54.
Rae1 Re8 55. Kg3 Reh8 56. Kg2 Re8 57. Kg3 Nd2 58. f3 Nc4 59. Kf2 Reh8 60. Kg2
Rh4 61. Nb4 R8h6 62. Nc2 Kf6 63. Ref1 Ke6 64. Re1 Kd6 65. Reg1 Rh8 66. Re1 R4h6
67. Reg1 Rh4 68. Re1 R8h7 69. Reg1 Ke6 70. Re1 Kd7 71. Reg1 Kd6 72. Re1 Kc7 73.
Reg1 f4 74. exf4 gxf4 75. Rh2 R7h6 76. Re1 Kd7 77. Rhh1 Rg6+ 78. Kf2 Rg3 79.
Reg1 Rhxh3 80. Rxh3 Rxh3 81. Rg7+ Ke6 82. Nb4 Nxa3 83. Rg6+ Kd7 84. Rg7+ Ke8 85.
Nxc6 Rh2+ 86. Kg1 Rb2 87. Nb4 Nc2 88. Nd3 a3 89. Ra7 Kd8 90. Kf2 Nb4+ 0-1

[Event "25th European Teams"]
[Site "Batumi GEO"]
[Date "2025.10.09"]
[Round "5.9"]
[Board "1"]
[White "Wojtaszek, Radoslaw"]
[Black "Mchedlishvili, Mikheil"]
[Result "1/2-1/2"]
[WhiteTitle "GM"]
[BlackTitle "GM"]
[WhiteElo "2654"]
[BlackElo "2562"]
[WhiteTeam "Poland"]
[BlackTeam "Georgia 1"]
[WhiteFideId "1118358"]
[BlackFideId "13600966"]
[EventDate "2025.10.05"]

1. d4 d5 2. c4 dxc4 3. Nf3 Nf6 4. e3 e6 5. Bxc4 a6 6. O-O Be7 7. Qe2 b5 8. Bd3
Nbd7 9. a4 Bb7 10. axb5 axb5 11. Rxa8 Qxa8 12. Bxb5 O-O 13. Bd2 c6 14. Bc4 c5
15. dxc5 Nxc5 16. Bb4 Nfe4 17. Nc3 Rc8 18. Nxe4 Bxe4 19. Rd1 Bf6 20. Bxc5 Rxc5
21. b4 Rc8 22. Bd3 Bb7 23. b5 g6 24. h3 Rd8 25. Bc2 Bxf3 26. gxf3 Rxd1+ 27. Qxd1
Qa5 28. Bd3 Qb4 29. Kg2 Qd6 30. Qc2 Kg7 31. Be4 Qb6 32. Qb3 Be7 33. f4 Bd8 34.
Qc3+ Bf6 35. Qb4 Bd8 36. Bc6 Bf6 37. Qd6 Bh4 38. Qb4 Bf6 39. Kf3 Bd8 40. e4 Bh4
41. Qc3+ Bf6 42. Qc2 Bd4 43. f5 exf5 44. exf5 Qd8 45. fxg6 Qf6+ 46. Kg2 Qxg6+
47. Qxg6+ hxg6 48. f4 f5 49. Be8 Bb6 50. Kf3 Bc7 51. Ke3 Kf6 52. h4 Bb6+ 53. Kd3
Bc7 54. Ke3 Bb6+ 55. Kd3 Bc7 56. Kd4 Bxf4 57. b6 Kg7 58. b7 Kh6 59. Kd5 Bb8 1/2-1/2

[Event "25th European Teams"]
[Site "Batumi GEO"]
[Date "2025.10.09"]
[Round "5.9"]
[Board "2"]
[White "Kacharava, Nikolozi"]
[Black "Gumularz, Szymon"]
[Result "1-0"]
[WhiteTitle "GM"]
[BlackTitle "GM"]
[WhiteElo "2486"]
[BlackElo "2592"]
[WhiteTeam "Georgia 1"]
[BlackTeam "Poland"]
[WhiteFideId "13611860"]
[BlackFideId "1188062"]
[EventDate "2025.10.05"]

1. e4 e5 2. Nf3 Nc6 3. Bb5 a6 4. Ba4 Nf6 5. O-O Be7 6. Re1 b5 7. Bb3 d6 8. c3
O-O 9. h3 Nb8 10. d4 Nbd7 11. Nbd2 Bb7 12. Bc2 Re8 13. Nf1 Bf8 14. Ng3 a5 15. a4
b4 16. cxb4 axb4 17. dxe5 dxe5 18. Be3 h6 19. Qc1 c5 20. Bb3 Qc7 21. Nd2 Red8
22. Qc2 Nb8 23. Red1 Ba6 24. Bc4 Bxc4 25. Nxc4 Rxd1+ 26. Qxd1 Nc6 27. a5 g6 28.
Qa4 h5 29. f3 Be7 30. Nf1 Ra6 31. Bg5 Nd7 32. Bxe7 Nxe7 33. Rd1 Nf6 34. Qb5 Qa7
35. Rd8+ Kg7 36. Rb8 Re6 37. Rb7 Qa8 38. Rb6 Nc6 39. a6 Nd7 40. Rb7 Nf6 41. Nb6
Qd8 42. Qxc5 Qd1 43. a7 Nxe4 44. Qd5 Nd4 45. Qxe4 1-0

[Event "25th European Teams"]
[Site "Batumi GEO"]
[Date "2025.10.09"]
[Round "5.9"]
[Board "3"]
[White "Teclaf, Pawel"]
[Black "Pantsulaia, Levan"]
[Result "1-0"]
[WhiteTitle "GM"]
[BlackTitle "GM"]
[WhiteElo "2563"]
[BlackElo "2457"]
[WhiteTeam "Poland"]
[BlackTeam "Georgia 1"]
[WhiteFideId "1185934"]
[BlackFideId "13602071"]
[EventDate "2025.10.05"]

1. e4 c5 2. Nf3 e6 3. d4 cxd4 4. Nxd4 a6 5. a3 Ne7 6. c4 g6 7. Nc3 Bg7 8. Be2
O-O 9. O-O b6 10. Be3 Bb7 11. Qd2 d6 12. Rad1 Nc8 13. f4 Nd7 14. f5 exf5 15.
exf5 Re8 16. Bf3 Bxf3 17. Nxf3 Qc7 18. fxg6 hxg6 19. Ng5 Ne5 20. Nd5 Qb7 21. Qf2
Ne7 22. Qh4 Nf5 23. Qh7+ Kf8 24. Rxf5 gxf5 25. Qxf5 Kg8 26. Qh7+ Kf8 27. Rf1
Rac8 28. Nxf7 Nxf7 29. Bh6 1-0